000 00393nam a2200157Ia 4500
008 120827t1954 xxu||||| |||| 00| 0 sin d
041 _asin
080 _a8 S. 03: 820(73)-31
_bGUT
245 _aනව බිම
246 _aNawa Bima
260 _aGunarathna & Company
_aColombo
_c1954
300 _b102p, 18 cm
942 _cBK
999 _c39331
_d39331
003 LK-CoDNM
040 _aLK-CoDNM
_dLK-CoDNM
_eLK-CoDNM